Lotyšsko Latvia

Prehľad základných údajov o Lotyšskej republike. Vstupné rozhovory s Lotyšskom. Závislosť Lotyšska na ruskom hospodárstve. Spolupráca a konkurencia medzi pobaltskými republikami.

Guardado en:
Detalles Bibliográficos
Formato: Capítulo de libro
Lenguaje:checo
Materias:
Etiquetas: Agregar Etiqueta
Sin Etiquetas, Sea el primero en etiquetar este registro!

MARC

LEADER 00000naa a2200000 4500
001 r042773
005 20230927121331.3
041 0 |a cze 
044 |a CZ 
245 1 0 |a Lotyšsko  |b Latvia 
520 |a Prehľad základných údajov o Lotyšskej republike. Vstupné rozhovory s Lotyšskom. Závislosť Lotyšska na ruskom hospodárstve. Spolupráca a konkurencia medzi pobaltskými republikami. 
610 2 0 |a spolupráca hospodárska medzinárodná 
610 2 0 |a Lotyšsko 
610 2 0 |a ukazovatele ekonomické 
610 2 0 |a Európska únia 
610 2 0 |a vývoj hospodársky 
610 2 0 |a kríza hospodárska